De Pitagoras a Einstein

Uloženo v:
Podrobná bibliografie
Hlavní autor: Friedrichs, K. O (Autor)
Médium: Kniha
Jazyk:španělština
Vydáno: Bogotá Norma 1967
Edice:Biblioteca de Matemáticas Contemporánea
Témata:
Tagy: Přidat tag
Žádné tagy, Buďte první, kdo vytvoří štítek k tomuto záznamu!

MARC

LEADER 00000nam a2200000 a 4500
001 UCH1108
003 CL-VaPUC
008 090409e19670000CK |||||||||||||||||spa|d
082 0 4 |a 512.7  |b FRI  |2 21 
100 0 |a Friedrichs, K. O  |e author  |9 535455 
245 1 0 |a De Pitagoras a Einstein 
300 |a 103 p 
942 |c BK 
945 |d 20090409 00:00:00  |a rbrito 
260 |a Bogotá  |b Norma  |c 1967 
650 7 |a TEOREMA DE PITAGORAS  |2 CL-VaPUC  |9 427866 
650 0 |a Teoría de números  |9 265327 
650 0 |a Vectores  |9 317184 
650 0 |a Teoría de la relatividad   |9 266149 
583 |a last modification  |c 20090409 00:00:00  |k Rodrigo Vera 
490 0 |a Biblioteca de Matemáticas Contemporánea 
999 |c 333186  |d 333184 
952 |0 0  |1 0  |2 ddc  |4 0  |6 512_700000000000000_FRI_1967  |7 0  |8 A  |9 421395  |a BIBCUR  |b BIBCUR  |c PAC  |d 2019-11-22  |i 4534549  |o 512.7 FRI 1967  |p 4534549  |r 2025-04-22  |w 2019-11-22  |y BK  |k FIS